000
00312 a2200145 4500
001
61687
020
_a
9788516068431
040
_c
Anchieta - Pituba
240
1
0
_a
Araribá geografia 9
_l
por
245
1
0
_a
Araribá geografia 9
300
_a
240
362
0
_a
2010
650
4
_a
Geografia e viagens
942
_c
BK
999
_c
61687
_d
61687